[Event "BCF-chT4 0607 (4NCL)"]
[Site "Sunningdale"]
[Date "2007.02.10"]
[Round "5.5"]
[White "Hall, Toby"]
[Black "Parry, Matthew"]
[Result "0-1"]
[WhiteElo "1765"]
[BlackElo "1677"]
[PlyCount "110"]
[EventDate "2006.09.16"]
[EventType "team"]
[EventRounds "11"]
[EventCountry "ENG"]
[SourceTitle "EXT 2008"]
[Source "ChessBase"]
[SourceDate "2007.11.25"]
[SourceVersion "1"]
[SourceVersionDate "2007.11.25"]
[SourceQuality "1"]
[WhiteTeam "London Mstrs"]
[BlackTeam "King supp Pawn"]
[WhiteTeamCountry "ENG"]
[BlackTeamCountry "ENG"]

1. d4 d5 2. c4 c6 3. Nc3 Nf6 4. Bg5 e6 5. Nf3 dxc4 6. a4 b5 7. axb5 cxb5 8. Nxb5 Qb6 9. Nc3 h6 10. Bxf6 gxf6 11. Qc2 Nc6 12. e3 Nb4 13. Qd2 Ba6 14. Rb1 Nd3+ 15. Bxd3 cxd3 16. 0-0 Rg8 17. Kh1 Qc6 18. Rg1 Bd6 19. e4 Ke7 20. e5 fxe5 21. dxe5 Bc5 22. Qxh6 Rg6 23. Qh4+ Kd7 24. Ne4 Be7 25. Nf6+ Bxf6 26. exf6 Qd5 27. Qf4 Ke8 28. Qc7 Rxf6 29. Qc3 Rf5 30. Rbc1 Rc8 31. Qh8+ Kd7 32. Rxc8 Bxc8 33. Rc1 Bb7 34. Qh3 d2 35. Rd1 Rxf3 36. Qxf3 Qxf3 37. Rxd2+ Qd5 38. Rxd5+ Bxd5 39. Kg1 Kd6 40. Kf1 Kc5 41. g3 Bc4+ 42. Ke1 Kd4 43. Kd2 Bf1 44. g4 Bd3 45. h4 Bh7 46. h5 a5 47. g5 a4 48. f4 Ke4 49. Kc3 Kxf4 50. g6 fxg6 51. hxg6 Bxg6 52. Kb4 e5 53. Kxa4 e4 54. Kb3 Kf3 55. Kc2 Kf2 0-1

[Event "BCF-chT4 0607 (4NCL)"]
[Site "Sunningdale"]
[Date "2006.12.02"]
[Round "3.3"]
[White "Tunstall, George S"]
[Black "Hall, Toby"]
[Result "1-0"]
[WhiteElo "1810"]
[BlackElo "1765"]
[PlyCount "73"]
[EventDate "2006.09.16"]
[EventType "team"]
[EventRounds "11"]
[EventCountry "ENG"]
[SourceTitle "EXT 2008"]
[Source "ChessBase"]
[SourceDate "2007.11.25"]
[SourceVersion "1"]
[SourceVersionDate "2007.11.25"]
[SourceQuality "1"]
[WhiteTeam "London Mstrs II"]
[BlackTeam "AMCA Hippos"]
[WhiteTeamCountry "ENG"]
[BlackTeamCountry "ENG"]

1. d4 d5 2. c4 c6 3. Nc3 dxc4 4. e4 b5 5. Be3 Nf6 6. Be2 e6 7. Nf3 Bb4 8. Qc2 Nbd7 9. 0-0 Bb7 10. a3 Ba5 11. Bg5 h6 12. Bh4 Qb8 13. Rad1 a6 14. h3 Bxc3 15. bxc3 Qf4 16. e5 Qe4 17. Qb2 Nd5 18. Rfe1 Qg6 19. Bxc4 Nf4 20. Bg3 Nd5 21. Bd3 f5 22. exf6 Qxf6 23. c4 N5b6 24. c5 Nxc5 25. Qa2 0-0-0 26. dxc5 Nd5 27. Be5 Qf7 28. Be4 Rhg8 29. Qc2 g5 30. Bh7 Rgf8 31. Qg6 Qd7 32. Qxh6 g4 33. hxg4 Rh8 34. Bxh8 Rxh8 35. Ng5 e5 36. Rxe5 Rxh7 37. Qxh7 1-0